| 000 | 00583nam a2200205 a 4500 | ||
|---|---|---|---|
| 005 | 20140310183425.0 | ||
| 008 | 070925s19uu xx 00 eng d | ||
| 020 | _a9810698034 | ||
| 050 |
_aHF 5429 _b.B516 2007 |
||
| 100 | _aBerman, Barry | ||
| 245 |
_aFundamentals of retail management : _ba strategic approach / _cBarry Berman. |
||
| 250 | _a10th ed. | ||
| 260 |
_aSingapore : _bPrentice Hall, _c2007. |
||
| 300 |
_a682 p. : _bill. ; _c25 cm. |
||
| 521 | _aBSBA | ||
| 650 |
_aRetail trade _xManagement |
||
| 700 | _aEvans, Joel R. | ||
| 942 |
_cBK _2lcc _kFOR |
||
| 999 |
_c22627 _d22627 |
||